Geografía de europa y oceanía /

Guardado en:
Autor Principal: Rossi, Floreal
Formato: Libro
Publicado: Buenos Aires : Stella, 1993
Edición:12a. ed.
Materias:
Etiquetas: Agregar Etiqueta
Sin Etiquetas, Sea el primero en etiquetar este registro!
LEADER 00570nam a22002055a 4500
001 CEM.cems016113
005 20110309152048.0
008 130507s1993##################000#0#####d
003 CEMS
020 |a 9505251858 
082 0 4 |a 914 
100 1 |a Rossi, Floreal 
245 1 0 |a Geografía de europa y oceanía /  |c Floreal Rossi, 
250 |a 12a. ed. 
260 |a Buenos Aires :  |b Stella,  |c 1993 
300 |a 590 p. 
653 |a Geografía de europa 
653 |a Geografía 
653 |a Geografía de oceanía 
859 |a CEMS  |b BIB. CEMS - Agricultura  |h 914  |i R735a12  |p A17887.94  |t Ej.1